Guess the 1970s song lyrics #148 - Statistics

General Stats
  • This quiz has been taken 18 times
  • The average score is 139 of 209
Answer Stats
Answer % Correct
a
100%
I
100%
the
100%
The
100%
love
94%
When
94%
when
94%
you
94%
and
88%
And
88%
it
88%
on
88%
that
88%
be
81%
feel
81%
Just
81%
this
81%
to
81%
your
81%
are
75%
at
75%
can
75%
get
75%
is
75%
know
75%
of
75%
say
75%
so
75%
will
75%
you're
75%
all
69%
can't
69%
come
69%
don't
69%
feelin
69%
gone
69%
like
69%
then
69%
they
69%
were
69%
why
69%
but
63%
down
63%
remember
63%
won't
63%
away
56%
cry
56%
feels
56%
has
56%
have
56%
More
56%
only
56%
than
56%
way
56%
alright
50%
days
50%
friend
50%
it'll
50%
It'll
50%
let
50%
long
50%
need
50%
never
50%
nights
50%
run
50%
there's
50%
wanna
50%
you'll
50%
crazy
44%
goes
44%
keeps
44%
much
44%
tears
44%
world
44%
again
38%
born
38%
crying
38%
Dreams
38%
dreams
38%
found
38%
lose
38%
lover
38%
Rain
38%
tomorrow
38%
dyin
31%
fade
31%
fallin
31%
friends
31%
Knowing
31%
low
31%
thrill
31%
blues
25%
ceiling
25%
crumbled
25%
hopes
25%
left
25%
rainbow's
25%
sorrow
25%
Start
25%
thinkin
25%
callin
19%
fading
19%
Maybe
19%
rainy
19%
Staring
19%
trouble
19%
waiting
19%
wonder
19%
break
13%
dawn
13%
No matching quizzes found
Score Distribution
Percent of People with Each Score
Percentile by Number Answered
Your Score History
You have not taken this quiz